Holiday Quiz

Random Holiday or Carol Quiz

'Do You Hear What I Hear?' Lyrics Quiz Stats

 Plays Quiz Updated Dec 1, 2017

Score 0/193 Timer 06:00
8 Plays Today
% Correct
I
98.9%
I
98.9%
I
98.9%
I
98.9%
I
98.9%
I
98.9%
I
98.9%
I
98.9%
do
98.8%
Do
98.8%
do
98.8%
Do
98.8%
do
98.8%
Do
98.8%
you
98.7%
you
98.7%
you
98.7%
you
98.7%
you
98.7%
you
98.7%
what
98.2%
what
98.2%
what
98.2%
what
98.2%
what
98.2%
what
98.2%
what
98.2%
what
98.2%
A
98%
a
98%
a
98%
a
98%
a
98%
a
98%
A
98%
a
98%
a
98%
a
98%
A
98%
a
98%
hear
97.4%
hear?
97.4%
hear
97.4%
hear?
97.4%
he
96.6%
He
96.6%
the
93.3%
the
93.3%
the
93.3%
the
93.3%
the
93.3%
the
93.3%
the
93.3%
the
93.3%
the
93.3%
the
93.3%
the
93.3%
the
93.3%
the
93.3%
the
93.3%
the
93.3%
The
93.3%
the
93.3%
the
93.3%
see
88.4%
% Correct
see?
88.4%
see
88.4%
see?
88.4%
in
85.9%
in
85.9%
In
85.9%
in
85.9%
in
85.9%
to
83.8%
to
83.8%
to
83.8%
to
83.8%
to
83.8%
to
83.8%
night
81.1%
night,
81.1%
night,
81.1%
and
79.1%
and
79.1%
and
79.1%
and
79.1%
star,
77.4%
star,
77.4%
know
77.1%
know?
77.1%
know
77.1%
know?
77.1%
little
76.4%
little
76.4%
little
76.4%
Said
76.3%
Said
76.3%
Said
76.3%
Said
76.3%
boy,
74.8%
boy.
74.8%
boy
74.8%
lamb,
72.1%
lamb.
72.1%
lamb
72.1%
child,
71.3%
child,
71.3%
child,
71.3%
child,
71.3%
us
69.7%
us
69.7%
us
69.7%
us
69.7%
bring
69.4%
bring
69.4%
bring
69.4%
bring
69.4%
king,
67%
king.
67%
king
67%
sky,
66.6%
sky,
66.6%
will
66.4%
will
66.3%
shepherd
65.9%
shepherd
65.9%
shepherd
65.9%
light.
65.2%
light.
65.2%
as
62.7%
% Correct
as
62.7%
as
62.7%
as
62.7%
as
62.7%
as
62.7%
as
62.7%
as
62.7%
up
60.2%
mighty
59.4%
mighty
59.4%
goodness
58%
goodness
57.9%
wind
57.6%
with
57.6%
with
57.6%
with
57.6%
with
57.6%
gold.
57.1%
gold.
57.1%
say.
56.6%
say.
56.6%
silver
56.2%
silver
56.2%
Way
56%
him
55.6%
him
55.6%
listen
55%
Listen
55%
big
55%
big
55%
song,
55%
song,
55%
big
55%
big
55%
people
53.4%
people
53.4%
everywhere,
52%
everywhere!
52%
Let
50.8%
Let
50.8%
kite,
48.8%
kite.
48.8%
tail
48.3%
tail
48.3%
cold.
47.6%
for
46%
voice
44.4%
voice
44.4%
your
44.1%
high
43.9%
sea,
42.2%
sea.
42.2%
shivers
41.5%
peace,
40.3%
sleeping
40.1%
above
38.6%
palace
37.5%
trees,
35.9%
Pray
35.1%
through
33%
dancing
32.4%
warm,
30.5%
Ringing
27.9%

You're not logged in!

Compare scores with friends on all Sporcle quizzes.
Join for Free
OR
Log In

You Might Also Like...

Show Comments

Extras

Top Quizzes Today


Score Distribution

Your Account Isn't Verified!

In order to create a playlist on Sporcle, you need to verify the email address you used during registration. Go to your Sporcle Settings to finish the process.

Report this User

Report this user for behavior that violates our Community Guidelines.

Details: